Score 0/16 Timer 03:00
1 Play Today
Question Answer Wrong Answers
Barack Obama Democratic
93.3%
Republican
2.2%
Bill Clinton Democratic
91.4%
Republican
3.9%
George W. Bush Republican
90.5%
Democratic
4.9%
Ronald Reagan Republican
90.2%
Democratic
5.4%
John F. Kennedy Democratic
89.8%
Republican
5.6%
Richard Nixon Republican
87.8%
Democratic
7.7%
Jimmy Carter Democratic
85.6%
Republican
9.8%
Franklin D. Roosevelt Democratic
82.8%
Republican
12.8%
Lyndon B. Johnson Democratic
81.1%
Republican
14.2%
Gerald Ford Republican
78.5%
Democratic
17.1%
Dwight D. Eisenhower Republican
75.8%
Democratic
19.7%
William Howard Taft Republican
73.2%
Democratic
22.1%
Harry S. Truman Democratic
72%
Republican
23.2%
Herbert Hoover Republican
71.7%
Democratic
23.8%
Woodrow Wilson Democratic
68.1%
Republican
27.3%
Calvin Coolidge Republican
66.1%
Democratic
29.4%

Today's Daily Dose

Remove Ads.
Support Sporcle.
Get the best of Sporcle when you Go Orange. This ad-free experience offers more features, more stats, and more fun while also helping to support Sporcle. Thank you for becoming a member.

You're not logged in!

Compare scores with friends on all Sporcle quizzes.
OR
Log In

Show Comments

Extras

Top Quizzes Today


Score Distribution

Your Account Isn't Verified!

In order to create a playlist on Sporcle, you need to verify the email address you used during registration. Go to your Sporcle Settings to finish the process.

Report this User

Report this user for behavior that violates our Community Guidelines.

Details: